000 00347nam a2200133Ia 4500
001 3998
008 241024s9999 xx 000 0 und d
082 _aRD/923.27293/G633d/2015
100 _aWilson Gómez
245 0 _aDuarte. Y la Simbología Patriótica
260 _bInstituto Duartiano
_c2015
901 _a4/7/2015 2:45:41 a.m.
999 _c7650
_d7650